COLOMBIA - ORINOCO (Registro nro. 11520)

Detalles MARC
000 -CABECERA
Longitud fija campo de control 01485nam a2200241 a 4500
003 - • IDENTIFICADOR DELl NÚMERO DE CONTROL
Identificador del número de control CO-ViMGA
008 - • CÓDIGOS DE INFORMACIÓN DE LONGITUD FIJA
Códigos de información de longitud fija 141112s2004 ck r 000 u spa d
020 ## - • NÚMERO INTERNACIONAL NORMALIZADO PARA LIBROS
Número Internacional Normalizado para Libros (ISBN) 9589129455
040 ## - FUENTE DE LA CATALOGACIÓN
Centro catalogador de origen CO-ViMGA
Lengua de catalogación spa
Centro transcriptor CO-ViMGA
082 ## - • NÚMERO DE LA CLASIFICACIÓN DECIMAL DEWEY
Número de clasificación (R) Fr918.6
Número del ítem F141c
100 1# - • PUNTO DE ACCESO PRINCIPAL-NOMBRE DE PERSONA
Nombre de persona Fajardo Montaña, Dario; Dominguez, Camilo; Molano, Joaquin; RÁngel, Orlando
110 ## - • PUNTO DE ACCESO PRINCIPAL-NOMBRE DE ENTIDAD CORPORATIVA
Nombre de entidad corporativa o nombre de jurisdicción como elemento inicial Fondo Fen - Corpes de la Orinoquia
245 10 - • TITULO PROPIAMENTE DICHO
Título COLOMBIA - ORINOCO
300 ## - • DESCRIPCIÓN FÍSICA
Extensión 342.p.il.fotos
500 ## - • NOTA GENERAL
Nota general En : Fr 918.6 F141c
505 ## - • NOTA DE CONTENIDO CON FORMATO
Nota de contenido con formato Orinoquia - Colonización, frontera y estructura territorial La gran cuenca del Orinoco Flora Orinoquense La fauna de la Orinoquia Sociedades Indígenas de los Llanos , Economía y caracteristicas socio - culturales Impacto de las misiones religiosas y de las guerras de independencia en la construcción y destrucción de pueblos y ciudades coloniales en los Llanos Construcción territorial de la Orinoquia Colombiana en el siglo XIX Cronistas y científicos en la Orinoquia Encuentro de dos sabios : Ser Indígena en el Llano del proximo milenio La cultura Llanera Sistemas de producción en la Orinoquia Colombiana Petróleo y desarrollo Red vial y transformación urbana hacia el futuro Ciencia y Tecnología Biogeografía de la Orinoquia Colombiana
650 14 - • PUNTO DE ACCESO ADICIONAL DE MATERIA - TÉRMINO DE MATERIA
Término de materia o nombre geográfico como elemento inicial ORINOCO - COLOMBIA
650 14 - • PUNTO DE ACCESO ADICIONAL DE MATERIA - TÉRMINO DE MATERIA
Término de materia o nombre geográfico como elemento inicial ORINOCO (REGION) - DESCRIPCION - VIAJES
650 14 - • PUNTO DE ACCESO ADICIONAL DE MATERIA - TÉRMINO DE MATERIA
Término de materia o nombre geográfico como elemento inicial ORINOQUIA - COLOMBIA
942 ## - ENTRADA DE ELEMENTOS AGREGADOS (KOHA)
Fuente de clasificaión o esquema Dewey Decimal Classification
Koha [por defecto] tipo de item LIbro
Existencias
Perdido Fuente de clasificación o esquema Estado Físico No para préstamo Forma de adquisición Localización permanente Localización actual Fecha adquisición Serie de enumeración / cronolog&íacute;a Préstamos totales Signatura completa Código de barras Fecha última consulta Número de copia Fecha del precio de reemplazo Tipo de item de Koha
  Dewey Decimal Classification     Sala General Biblioteca Comunitaria - Villavicencio Biblioteca Comunitaria - Villavicencio 12/04/2015 Volumen. 1 | 11/jun/2009   Fr918.6 F141c 5620 08/11/2017 Ej. 1 08/11/2017 LIbro
  Dewey Decimal Classification     Sala Especializada Tercer Piso Biblioteca Pública Germán Arciniegas - Villavicencio Biblioteca Pública Germán Arciniegas - Villavicencio 12/04/2015 Volumen. 1 | 11/jun/2009   Fr918.6 F141c 15786 03/19/2019 Ej. 1 12/04/2015 LIbro









Instituto Departamental de Cultura del Meta - Red Departamental de Bibliotecas Públicas del Meta.